| 000 | 01361cab a2200349 4500 | ||
|---|---|---|---|
| 001 | ABS54465 | ||
| 008 | 090401t1996 xxu||||| |||| 00| 0 eng d | ||
| 035 | _a(Sirsi) u10539 | ||
| 041 | _aeng | ||
| 100 | _aBarrett, N. | ||
| 245 | _aBones of contention | ||
| 260 | _c1996 | ||
| 350 | _a0 | ||
| 490 |
_aNew Civil Engineer _v8 February 1996, 20-26(6) |
||
| 520 | _aSpecial report on the construction industry`s use of legal professionals in dispute resolution. Discusses increased use of mediation techniques, contractor`s opinions of the legal services they employ, how to keep legal costs to a minimum, and technological developments that are creating efficient methods of bringing disputes to court. | ||
| 650 | _aACCESS TO JUSTICE | ||
| 650 | _aALTERNATIVE DISPUTE RESOLUTION | ||
| 650 | _aMANAGEMENT-DISPUTE AVOIDANCE, MANAGEMENT AND RESOLUTION-DISPUTE MANAGEMENT AND RESOLUTION-ARBITRATION | ||
| 650 | _aCASE MANAGEMENT | ||
| 650 | _aCLAIMS | ||
| 650 | _aCONSTRUCTION DISPUTES | ||
| 650 |
_aDISPUTE RESOLUTION _96236 |
||
| 650 | _aLATHAM REFORMS | ||
| 650 | _aLEGAL COSTS | ||
| 650 | _aLITIGATION SUPPORT SYSTEMS | ||
| 650 | _aMEDIATION | ||
| 650 | _aWOOLFE REPORT | ||
| 690 | _aBUILT ENVIRONMENT-BUILDING CONTRACT FORMS | ||
| 690 | _aMANAGEMENT-BUSINESS MANAGEMENT-INFORMATION MANAGEMENT | ||
| 942 | _n0 | ||
| 948 | _c04/03/1997 | ||
| 999 |
_c6663 _d6663 |
||